000
00228 a2200097 4500
001
59154
100
_a
245
_a
Sheep : quranic stories for childrens
260
_a
Karachi
_b
Children Books Pub
_c
2008
090
_c
36230
_d
36230
942
_a
NUST-CAE
_c
_c
29148
999
_c
294227
_d
294227